Sửa chữa máy xây dựng - xếp dỡ và thiết kế xưởng

Sách trình bày những những khái niệm cơ bản về quá trình làm việc của máy móc thiết bị, về công tác bảo dưàng và sửa chữa xe - máy; quá trình công nghệ sửa chữa máy và phục hồi chi tiết máy. Sau cùng, sách trình bày về các phương pháp...

詳細記述

保存先:
書誌詳細
第一著者: Nguyễn, Đăng Điệm
フォーマット: 図書
言語:Undetermined
出版事項: Hà Nội Giao Thông Vận Tải 1996
主題:
タグ: タグ追加
タグなし, このレコードへの初めてのタグを付けませんか!
Thư viện lưu trữ: Trung tâm Học liệu Trường Đại học Cần Thơ
LEADER 01065nam a2200193Ia 4500
001 CTU_32475
008 210402s9999 xx 000 0 und d
082 |a 621.816 
082 |b Đ304 
100 |a Nguyễn, Đăng Điệm 
245 0 |a Sửa chữa máy xây dựng - xếp dỡ và thiết kế xưởng 
245 0 |c Nguyễn Đăng Điệm 
260 |a Hà Nội 
260 |b Giao Thông Vận Tải 
260 |c 1996 
520 |a Sách trình bày những những khái niệm cơ bản về quá trình làm việc của máy móc thiết bị, về công tác bảo dưàng và sửa chữa xe - máy; quá trình công nghệ sửa chữa máy và phục hồi chi tiết máy. Sau cùng, sách trình bày về các phương pháp tính toán thiết kế xí nghiệp sửa chữa máy xây dựng - xếp dà 
650 |a Machinery 
650 |x Maintenance and repair 
980 |a Trung tâm Học liệu Trường Đại học Cần Thơ